Life cycle assessment for sustainable solid waste management - an introduction (Record no. 70370)
[ view plain ]
| 000 -LEADER | |
|---|---|
| fixed length control field | 01113cam a2200217 4500 |
| 001 - CONTROL NUMBER | |
| control field | ABS65508 |
| 008 - FIXED-LENGTH DATA ELEMENTS--GENERAL INFORMATION | |
| fixed length control field | 020528n2002 000 0 eng u |
| 035 ## - SYSTEM CONTROL NUMBER | |
| System control number | (Sirsi) u118170 |
| 100 ## - MAIN ENTRY--PERSONAL NAME | |
| Personal name | McDougall, F |
| 245 ## - TITLE STATEMENT | |
| Title | Life cycle assessment for sustainable solid waste management - an introduction |
| 260 ## - PUBLICATION, DISTRIBUTION, ETC. | |
| Date of publication, distribution, etc. | 2002 |
| 490 ## - SERIES STATEMENT | |
| Series statement | Wastes Management |
| Volume/sequential designation | May 2002, 43-45(3) |
| 520 ## - SUMMARY, ETC. | |
| Summary, etc. | Aims to dispel some of the myths surrounding the application of Life Cycle Assessment (LCA) to solid waste management and then to describe some of the advantages associated with this approach. Currently there seems to be a degree of cynicism amongst some waste management decision-makers regarding LCA tools. This is probably due to a combination of incomplete understanding of the LCA approach and a degree of technophobia. Describes the basic concept of LCA and the most commonly used terminology. |
| 590 ## - LOCAL NOTE (RLIN) | |
| Local note | ABS |
| 650 ## - SUBJECT ADDED ENTRY--TOPICAL TERM | |
| Topical term or geographic name entry element | LIFE CYCLE ASSESSMENT |
| 650 ## - SUBJECT ADDED ENTRY--TOPICAL TERM | |
| Topical term or geographic name entry element | WASTE MANAGEMENT |
| 690 ## - LOCAL SUBJECT ADDED ENTRY--TOPICAL TERM (OCLC, RLIN) | |
| Topical term or geographic name as entry element | ENVIRONMENTAL AND LAND CONSULTANCY-ENVIRONMENTAL MANAGEMENT |
| 700 ## - ADDED ENTRY--PERSONAL NAME | |
| Personal name | Thomas, B |
| 700 ## - ADDED ENTRY--PERSONAL NAME | |
| Personal name | Dryer, A |
| 942 ## - ADDED ENTRY ELEMENTS (KOHA) | |
| Suppress in OPAC | 0 |
| Withdrawn status | Lost status | Source of classification or shelving scheme | Damaged status | Not for loan | Home library | Current library | Shelving location | Date acquired | Total Checkouts | Full call number | Barcode | Date last seen | Copy number | Price effective from | Koha item type |
|---|---|---|---|---|---|---|---|---|---|---|---|---|---|---|---|
| Dewey Decimal Classification | London | London | Journal article | 28/05/2002 | ABS65508 | 118170-1001 | 06/08/2019 | 1 | 06/08/2019 | Journal article |